|
|
|
|
| LEADER |
00000nam2a2200000 4500 |
| 001 |
334890 |
| 005 |
20231208105332.0 |
| 035 |
|
|
|a (RuTPU)RU\TPU\book\361192
|
| 035 |
|
|
|a RU\TPU\book\361191
|
| 090 |
|
|
|a 334890
|
| 100 |
|
|
|a 20170908d2016 k y0rusy50 ca
|
| 101 |
0 |
|
|a rus
|
| 102 |
|
|
|a RU
|
| 105 |
|
|
|a a z 001zy
|
| 200 |
0 |
|
|a Т. 327, № 8
|
| 210 |
|
|
|d 2016
|
| 215 |
|
|
|a 128 с.
|c ил.
|
| 320 |
|
|
|a Библиогр. в конце ст.
|
| 330 |
|
|
|a «Известия Томского политехнического университета. Инжиниринг георесурсов» публикует оригинальные работы, обзорные статьи, очерки и обсуждения, охватывающие последние достижения в области геологии, разведки и добычи полезных ископаемых, технологии транспортировки и глубокой переработки природных ресурсов, энергоэффективного производства и преобразования энергии на основе полезных ископаемых, а также безопасной утилизации геоактивов.
|
| 461 |
|
1 |
|0 (RuTPU)RU\TPU\book\353411
|t Известия Томского политехнического университета [Известия ТПУ]. Инжиниринг георесурсов
|l Bulletin of the Tomsk Polytechnic University. Geo Assets Engineering
|f Национальный исследовательский Томский политехнический университет (ТПУ)
|v Т. 327, № 8
|d 2015-
|
| 606 |
1 |
|
|a Научно-технический потенциал
|2 stltpush
|3 (RuTPU)RU\TPU\subj\45166
|9 64427
|
| 610 |
1 |
|
|a Томский политехнический университет
|
| 610 |
1 |
|
|a научные исследования
|
| 610 |
1 |
|
|a труды учёных ТПУ
|
| 610 |
1 |
|
|a хромититы
|
| 610 |
1 |
|
|a вещественный состав
|
| 610 |
1 |
|
|a Полярный Урал
|
| 610 |
1 |
|
|a воздушные линии электропередачи
|
| 610 |
1 |
|
|a постоянный электрический ток
|
| 610 |
1 |
|
|a повреждения
|
| 610 |
1 |
|
|a кавитационное обтекание
|
| 610 |
1 |
|
|a гидрокрылья
|
| 610 |
1 |
|
|a нейронные сети
|
| 610 |
1 |
|
|a электропотребление
|
| 610 |
1 |
|
|a прогноз
|
| 610 |
1 |
|
|a подстилающие поверхности
|
| 610 |
1 |
|
|a индексы оценки
|
| 610 |
1 |
|
|a окружающая среда
|
| 610 |
1 |
|
|a полигоны
|
| 610 |
1 |
|
|a твердые бытовые отходы
|
| 610 |
1 |
|
|a баженовская свита
|
| 610 |
1 |
|
|a палеоклиматические реконструкции
|
| 610 |
1 |
|
|a редкоземельные элементы
|
| 610 |
1 |
|
|a поздний палеозой
|
| 610 |
1 |
|
|a угольные месторождения
|
| 610 |
1 |
|
|a ветроэнергетические установки
|
| 610 |
1 |
|
|a золотая минерализация
|
| 610 |
1 |
|
|a Енисейский кряж
|
| 610 |
1 |
|
|a дети
|
| 610 |
1 |
|
|a волосы
|
| 610 |
1 |
|
|a элементный состав
|
| 610 |
1 |
|
|a техногенез
|
| 675 |
|
|
|a 62
|v 3
|
| 801 |
|
1 |
|a RU
|b 63413507
|c 20091023
|
| 801 |
|
2 |
|a RU
|b 63413507
|c 20221212
|g RCR
|
| 942 |
|
|
|c CR
|